¿Catalán, vasco, italiano, francés o rumano? - Estadísticas

Estadísticas generales
  • Esta prueba ha sido intentada 232 veces
  • La puntuación promedio es 19 de 30
Estadísticas de respuestas
Hint Respuesta % Correcto
Puig Catalán
82%
Andreu Catalán
80%
Beaudet Francés
80%
Dragomir Rumano
78%
Marchant Francés
77%
Lambert Francés
77%
Apicella Italiano
76%
Aristarain Vasco
75%
Sorvino Italiano
74%
Cucurella Catalán
72%
Cirio Italiano
72%
Aramburu Vasco
71%
Vigorito Italiano
69%
Cretzeanu Rumano
69%
Jauregi Vasco
69%
Garmendia Vasco
66%
Vilarasau Catalán
65%
Fontanet Catalán
65%
Boronat Catalán
59%
Albescu Rumano
59%
Batlle Catalán
56%
Sagasti Vasco
56%
Dupuy Francés
55%
Stelea Rumano
54%
Elordi Vasco
50%
Popa Rumano
48%
Marchese Italiano
46%
Gurrieri Italiano
41%
Macip Catalán
36%
Botezatu Rumano
22%
No se encontraron pruebas coincidentes
Distribución de puntuación
Porcentaje de gente con cada puntuación
Porcentaje por número respondido
Historial de tus puntuaciones
No has intentado esta prueba.